It looks like you're offline.
Open Library logo
additional options menu

MARC Record from Library of Congress

Record ID marc_loc_updates/v38.i08.records.utf8:13712652:710
Source Library of Congress
Download Link /show-records/marc_loc_updates/v38.i08.records.utf8:13712652:710?format=raw

LEADER: 00710cam a22002418a 4500
001 2008016342
003 DLC
005 20100217082655.0
008 080409s2008 flu j 001 0 eng
010 $a 2008016342
020 $a9781604723557
040 $aDLC$cDLC$dDLC
050 00 $aBL1825$b.B53 2008
082 00 $a299.5/1113$222
100 1 $aBingham, Jane.
245 10 $aChinese myths /$cJane Bingham.
260 $aVero Beach, FL :$bRourke Pub. LLC,$c2008.
263 $a0808
300 $ap. cm.
490 0 $aMythology around the world
500 $aIncludes index.
650 0 $aMythology, Chinese$vJuvenile literature.
856 41 $3Table of contents only$uhttp://www.loc.gov/catdir/toc/ecip0815/2008016342.html